000 00567nam a2200205 a 4500
005 20231101063703.0
008 160311s1998 mx r 000 0 spa d
020 _a9686567275
035 _aUPN01000208962
049 _aCG
050 4 _aPQ7298.29 A5.2
_bC6.6
100 1 _aSandoval, Víctor,
_d1929-2013
_938808
245 1 0 _aCoplas que mis oídos oyeron /
_cVíctor Sandoval.
260 _aMéxico :
_bEdiciones del Ermitaño,
_c1998.
300 _a166 p.
440 0 _aMinimalia
650 4 _aPoesía mexicana
_91273
905 _aLibro
999 _c181063
_d181063